000 00766nam a2200241 a 4500
001 72702
003 BD-RjUL
005 20211209082311.0
008 170522r19641958enka b 001 0 eng d
035 _a(BD-RjUL)72920
040 _cNIC
_dCStRLIN
_dNIC
_dBD-RjUL
_aBD-RjUL
_beng
041 _aeng
082 _223
_a579.50941
_bWAO 1964
100 1 _aWakefield, Elsie M.
_9215057
245 1 4 _aThe observer's book of common fungi /
_cby E.M. Wakefield.
260 _aLondon :
_bF. Warne,
_cc1954 [reprinted 1964]
300 _ax, 117 p. :
_bill. ;
_c15 cm.
490 1 _aObserver's pocket series
504 _aIncludes bibliographical references and index
650 0 _aFungi
_9215058
_zGreat Britain
830 0 _aObserver's pocket series
_9216075
942 _2ddc
_cBK
999 _c72702
_d72702